| 000 | 00477nab a2200145Ia 4500 | ||
|---|---|---|---|
| 003 | ES-SlBCS | ||
| 005 | 20210601150716.0 | ||
| 008 | 140529s2009 xxu||||| |||| 00| 0 spa d | ||
| 041 | _aspa | ||
| 100 | 1 |
_aContreras, María de los Ángeles _9220398 |
|
| 245 | 0 | 0 |
_aAcoger y acompañar en la vida consagrada _c María de los Ángeles Contreras |
| 650 | 0 | 4 |
_aVida Consagrada _995621 |
| 773 | 0 |
_tVida Religiosa _gvol. 106 Cuaderno 2, nº. 2, 2009, págs. 71-80 _wRev493 |
|
| 942 | _cAR | ||
| 999 |
_c745333 _d745333 |
||